000 00512nam a2200169 i 4500
001 44389
003 ES-MaACL
005 20230906161023.0
007 t|
008 030321s1980 sp ||||1| spa d
100 1 _aCillero Ulecia, Antonio,
_d1917-2007
_938827
245 1 0 _aPascasio y Vinagre
_b: novela picaresca del siglo XX /
_cAntonio Cillero Ulecia.
260 _a[LogroƱo :
_bEd. Ochoa,
_c1980]
300 _a210 p. ;
_c21 cm.
852 _aES-MaACL
_jE-6547
_bR.100241
999 _c44389
_d44389